| 000 | 00659nam a2200241Ia 4500 | ||
|---|---|---|---|
| 008 | 160803s9999 xx 000 0 und d | ||
| 020 | _a9780590478380 | ||
| 100 | _aAker, Suzanne | ||
| 245 | _aWhat comes in 2's, 3's, & 4's? / | ||
| 245 | _cby Suzanne Aker ; illustrated by Bernie Karlin. | ||
| 260 | _aNew York : | ||
| 260 | _bScholastic Inc. | ||
| 260 | _c1990 | ||
| 300 | _a34 unnumbered pages : | ||
| 300 | _bcolor illustrations ; | ||
| 300 | _c20 x 26 cm | ||
| 440 | _aReady-to-go classroom library., | ||
| 440 | _vGrade 1 | ||
| 650 | _aCounting -- | ||
| 650 | _aNumber concept. | ||
| 650 | _xJuvenile literature. | ||
| 700 | _a470 | ||
| 999 |
_c298902 _d298902 |
||